000 00495nam a22001817a 4500
005 20221011110802.0
008 221011b sa ||||| |||| 00| 0 eng d
020 _a9781431033317
_qPaperback
040 _c3228
082 _aTSO KF TINH
100 _aKhosa, L
_9172490
245 _aTinhlamulo ta hinkwaswo Giredi R: Mihandzu yo nandziha
260 _aJohannesburg:
_bMacmillan publishers,
_c2015
300 _a14 pages
_c21 cm
521 _aChildren
942 _xElsie Maluleke
_w162
_y162
_zElsie Maluleke
942 _2ddc
_cBK
999 _c732622
_d732621